[Event "75th UKR-ch"]
[Site "Poltava UKR"]
[Date "2006.11.28"]
[Round "3.1"]
[White "Areschenko, Alexander"]
[WhiteElo "2640"]
[Black "Kuzubov, Yuriy"]
[BlackElo "2559"]
[Result "1/2-1/2"]
[EventDate "2006.11.??"]
[PlyCount "80"]

1. e4 c5 2. Nf3 Nc6 3. d4 cxd4 4. Nxd4 Nf6 5. Nc3 e5 6. Ndb5 d6 7. Bg5 a6 8. Na3 b5 9. Bxf6 gxf6 10. Nd5 f5 11. Bd3 Be6 12. O-O Bxd5 13. exd5 Ne7 14. Nxb5 Bg7 15. Nc3 e4 16. Bc4 O-O 17. Qh5 Qc8 18. Bb3 Ng6 19. Rae1 Re8 20. f4 exf3 21. Rxe8+ Qxe8 22. Qxf3 f4 23. Ne4 Bd4+ 24. Kh1 Qe5 25. c3 Be3 26. Nf2 Re8 27. Bc2 Bxf2 28. Qxf2 Qxd5 29. Bb3 Qd3 30. Rd1 Re2 31. Bxf7+ Kg7 32. Rxd3 Rxf2 33. Kg1 Rxb2 34. Bxg6 hxg6 35. a4 Ra2 36. Rd4 g5 37. h4 gxh4 38. Rxf4 Ra3 39. Rd4 Rxc3 40. Rxd6 h3 1/2-1/2

[Event "75th UKR-ch"]
[Site "Poltava UKR"]
[Date "2006.11.29"]
[Round "3.2"]
[White "Kuzubov, Yuriy"]
[WhiteElo "2559"]
[Black "Areschenko, Alexander"]
[BlackElo "2640"]
[Result "1/2-1/2"]
[EventDate "2006.11.??"]
[PlyCount "32"]

1. Nf3 Nf6 2. c4 g6 3. Nc3 d5 4. cxd5 Nxd5 5. e4 Nxc3 6. dxc3 Qxd1+ 7. Kxd1 Nd7 8. Bc4 Bg7 9. Kc2 Nc5 10. Re1 Be6 11. Bxe6 Nxe6 12. Be3 O-O-O 13. a4 h5 14. a5 a6 15. h4 Rd6 16. Rad1 Rhd8 1/2-1/2

[Event "75th UKR-ch"]
[Site "Poltava UKR"]
[Date "2006.11.29"]
[Round "3.3"]
[White "Areschenko, Alexander"]
[WhiteElo "2640"]
[Black "Kuzubov, Yuriy"]
[BlackElo "2559"]
[Result "1/2-1/2"]
[EventDate "2006.11.??"]
[PlyCount "153"]

1. e4 c5 2. Nf3 Nc6 3. d4 cxd4 4. Nxd4 Nf6 5. Nc3 e5 6. Ndb5 d6 7. Bg5 a6 8. Na3 b5 9. Bxf6 gxf6 10. Nd5 f5 11. Bd3 Be6 12. O-O Bg7 13. Qh5 f4 14. c4 bxc4 15. Bxc4 O-O 16. Rac1 Rb8 17. b3 Qd7 18. Rfd1 Kh8 19. Qh4 Nd4 20. Nf6 Bxf6 21. Qxf6+ Kg8 22. Rxd4 exd4 23. Qxf4 Qe7 24. Rd1 Rbd8 25. h4 Bxc4 26. Nxc4 d5 27. exd5 Rxd5 28. Rxd4 Rxd4 29. Qxd4 Rd8 30. Qg4+ Kh8 31. Ne3 Qe5 32. g3 Qa1+ 33. Kg2 Qf6 34. Qc4 h6 35. Qe4 Rd4 36. Qc2 Qe5 37. Kg1 Re4 38. Qc8+ Kh7 39. Kg2 Qe6 40. Qc2 Kg8 41. Qd3 Qc6 42. Kh2 Qe6 43. Qd8+ Kh7 44. Qd3 Kg8 45. Qc3 Kh7 46. Kg2 Kg8 47. Qc5 Re5 48. Qc7 Re4 49. Qd8+ Kh7 50. Kf3 Re5 51. Qd3+ Kg8 52. Kg2 Qc6+ 53. Kh2 Qe6 54. Kg1 Qc6 55. Qd8+ Kh7 56. Qd4 Qe6 57. b4 Re4 58. Qd3 Kg8 59. a3 Qe5 60. Kg2 Qe6 61. Qc3 Kh7 62. Kh2 Qe5 63. Qd3 Kg7 64. Qxa6 Rxh4+ 65. Kg2 Rd4 66. Qe2 h5 67. Qf3 Kg6 68. Qc6+ Kg7 69. Qc3 Kh7 70. b5 Qe4+ 71. f3 Qe5 72. Qc2+ Kg8 73. Qc8+ Kh7 74. Qc2+ Kg8 75. Qc8+ Kh7 76. Qc2+ Kg8 77. Qc8+ 1/2-1/2

[Event "75th UKR-ch"]
[Site "Poltava UKR"]
[Date "2006.11.29"]
[Round "3.4"]
[White "Kuzubov, Yuriy"]
[WhiteElo "2559"]
[Black "Areschenko, Alexander"]
[BlackElo "2640"]
[Result "1/2-1/2"]
[EventDate "2006.11.??"]
[PlyCount "125"]

1. Nf3 Nf6 2. c4 g6 3. Nc3 d5 4. cxd5 Nxd5 5. e4 Nxc3 6. dxc3 Qxd1+ 7. Kxd1 e6 8. Kc2 b6 9. Bb5+ c6 10. Bd3 Nd7 11. Re1 Bb7 12. Bf4 O-O-O 13. a4 h6 14. h4 a5 15. e5 Nc5 16. Be2 Be7 17. g3 Ne4 18. Be3 Bc5 19. Bxc5 Nxc5 20. Nd4 Kc7 21. Bf3 h5 22. Bg2 Rd7 23. Red1 Rhd8 24. f4 Na6 25. Nb3 Rxd1 26. Rxd1 Rxd1 27. Kxd1 Bc8 28. Kc2 Bd7 29. Nd2 Nc5 30. b3 b5 31. axb5 cxb5 32. b4 axb4 33. cxb4 Na4 34. Bf1 Bc6 35. Nb3 Nb6 36. Nd4 Nd5 37. Bxb5 Bxb5 38. Nxb5+ Kc6 39. Nd4+ Kb6 40. b5 Nc7 41. Nf3 Nxb5 42. Ng5 Nd4+ 43. Kd3 Nf5 44. Nxf7 Nxg3 45. Ng5 Nf5 46. Nxe6 Nxh4 47. Nd4 Kc7 48. Ke4 Kd7 49. Ke3 Ke7 50. Kf2 Kf7 51. Kg3 Nf5+ 52. Nxf5 gxf5 53. Kf2 Ke6 54. Kf3 Kf7 55. Kg3 Kg7 56. Kf2 Kf7 57. Ke3 Ke7 58. Kf3 Kf7 59. Kg3 Kg7 60. Kh4 Kg6 61. e6 Kf6 62. Kxh5 Kxe6 63. Kg6 1/2-1/2

[Event "75th UKR-ch"]
[Site "Poltava UKR"]
[Date "2006.11.29"]
[Round "3.2"]
[White "Eljanov, Pavel"]
[WhiteElo "2658"]
[Black "Drozdovskij, Yuri"]
[BlackElo "2561"]
[Result "1/2-1/2"]
[EventDate "2006.11.??"]
[PlyCount "67"]

1. d4 d5 2. c4 c6 3. Nf3 Nf6 4. Nc3 dxc4 5. a4 e6 6. e4 Bb4 7. e5 Nd5 8. Bd2 b5 9. Ng5 Be7 10. Nce4 h6 11. Nf3 O-O 12. Be2 Nd7 13. O-O a6 14. b3 cxb3 15. Qxb3 Bb7 16. Bd3 c5 17. axb5 axb5 18. Qxb5 Qc7 19. dxc5 Nxc5 20. Nxc5 Bxc5 21. Qc4 Qe7 22. Qe4 f5 23. exf6 Nxf6 24. Qg6 Rxa1 25. Rxa1 Qf7 26. Qxf7+ Rxf7 27. Rc1 Bb6 28. Rb1 Ba7 29. Ne5 Rc7 30. Kf1 Be4 31. f3 Bxd3+ 32. Nxd3 Rc2 33. Ke1 Nd5 34. Rb2 1/2-1/2

[Event "75th UKR-ch"]
[Site "Poltava UKR"]
[Date "2006.11.29"]
[Round "3.3"]
[White "Drozdovskij, Yuri"]
[WhiteElo "2561"]
[Black "Eljanov, Pavel"]
[BlackElo "2658"]
[Result "1-0"]
[EventDate "2006.11.??"]
[PlyCount "71"]

1. d4 Nf6 2. c4 e6 3. Nc3 Bb4 4. Qc2 b6 5. a3 Bxc3+ 6. Qxc3 c5 7. Nf3 Bb7 8. e3 O-O 9. b4 cxd4 10. exd4 Bxf3 11. Qxf3 Nc6 12. Bb2 d5 13. c5 e5 14. dxe5 Nxe5 15. Bxe5 Re8 16. Qg3 Nh5 17. Qe3 d4 18. Qe4 Nf6 19. Qf5 g6 20. Qg5 h6 21. Qf4 g5 22. Qf5 Qd5 23. f4 gxf4 24. Qxf6 Rxe5+ 25. Kf2 Rf5 26. Bc4 Qxc4 27. Qxf5 d3 28. Rhd1 Qd4+ 29. Kf1 Rd8 30. c6 d2 31. Qg4+ Kh8 32. Qe2 f3 33. Qxf3 Rd6 34. c7 Qc4+ 35. Kg1 Qxc7 36. Qe3 1-0

[Event "75th UKR-ch"]
[Site "Poltava UKR"]
[Date "2006.11.29"]
[Round "3.4"]
[White "Eljanov, Pavel"]
[WhiteElo "2658"]
[Black "Drozdovskij, Yuri"]
[BlackElo "2561"]
[Result "0-1"]
[EventDate "2006.11.??"]
[PlyCount "54"]

1. d4 d5 2. c4 c6 3. Nf3 Nf6 4. Nc3 dxc4 5. a4 e6 6. e4 Bb4 7. e5 Nd5 8. Bd2 b5 9. Ng5 Be7 10. Qh5 g6 11. Qh6 Nb4 12. O-O-O Bf8 13. Qh3 h6 14. Nce4 Be7 15. axb5 Qa5 16. Bxb4 Qa1+ 17. Kc2 Qa4+ 18. Kc1 Qa1+ 19. Kc2 Qa4+ 20. Kd2 Bxb4+ 21. Ke3 Qxd1 22. Bxc4 Qxh1 23. Nxf7 Qc1+ 24. Kf3 Kxf7 25. Qh4 g5 26. Qh5+ Kg7 27. g3 Qxc4 0-1

[Event "75th UKR-ch"]
[Site "Poltava UKR"]
[Date "2006.11.28"]
[Round "3.1"]
[White "Yefymenko, Zakhar"]
[WhiteElo "2612"]
[Black "Zinchenko, Yaroslav"]
[BlackElo "2503"]
[Result "1-0"]
[EventDate "2006.11.??"]
[PlyCount "69"]

1. e4 c5 2. Nf3 Nc6 3. Bb5 e6 4. Bxc6 bxc6 5. d3 Ne7 6. Qe2 Qc7 7. Ng5 f6 8. Nh3 g6 9. f4 Bg7 10. O-O O-O 11. Nd2 d6 12. Nf3 e5 13. fxe5 fxe5 14. Nf2 h6 15. Be3 g5 16. h4 g4 17. Nd2 h5 18. Nh1 Ng6 19. Rxf8+ Bxf8 20. Rf1 Qh7 21. Bg5 Be6 22. Qe3 Bg7 23. Nc4 Bxc4 24. dxc4 Nf4 25. Ng3 Ne6 26. Qd2 Bf8 27. Rf6 Re8 28. Bh6 Qe7 29. Nxh5 Nf4 30. Bxf4 exf4 31. Qxf4 Qe5 32. Qxg4+ Kh8 33. c3 d5 34. Rf5 Qxe4 35. Rxf8+ 1-0

[Event "75th UKR-ch"]
[Site "Poltava UKR"]
[Date "2006.11.29"]
[Round "3.2"]
[White "Zinchenko, Yaroslav"]
[WhiteElo "2503"]
[Black "Yefymenko, Zakhar"]
[BlackElo "2612"]
[Result "1/2-1/2"]
[EventDate "2006.11.??"]
[PlyCount "217"]

1. e4 c5 2. Nf3 d6 3. d4 cxd4 4. Nxd4 Nf6 5. Nc3 a6 6. a4 e5 7. Nf3 Be7 8. Bg5 Be6 9. Bxf6 Bxf6 10. Nd5 Nd7 11. Bc4 Rc8 12. Qe2 Nb6 13. Nxf6+ Qxf6 14. Bxe6 Qxe6 15. O-O O-O 16. Rfd1 Rc6 17. b3 Nd7 18. Rd5 f5 19. Rad1 fxe4 20. Ng5 Qg6 21. Nxe4 Nf6 22. Nxf6+ Rxf6 23. c4 h6 24. R1d3 Qf5 25. Qe3 Kh7 26. Qd2 Qe4 27. f3 Qg6 28. Qe3 Re6 29. Rd1 Rf6 30. h3 Qg3 31. Qe1 Qxe1+ 32. Rxe1 Kg6 33. Kf2 Kf7 34. g3 Ke6 35. Red1 Rb6 36. R5d3 a5 37. Ke3 Rg6 38. Rg1 Kf5 39. Kf2 Ke6 40. Re1 Rf6 41. Kg2 Kf7 42. h4 Re6 43. Kh3 Re8 44. Kg4 Kf6 45. Ree3 Rc6 46. h5 b6 47. f4 Re7 48. Rd5 Re6 49. Rb5 exf4 50. Kxf4 Rxe3 51. Kxe3 Ke6 52. g4 Ke7 53. Kf4 Kf6 54. Kf3 Kf7 55. Ke3 Ke7 56. Kd3 Kd7 57. Kd4 Ke7 58. Kd5 Kd7 59. Ke4 Ke6 60. Kf4 Kf6 61. g5+ Ke6 62. Kg4 Rc5 63. gxh6 gxh6 64. Rxb6 Rg5+ 65. Kh4 Re5 66. Rb5 Re3 67. Kg4 Rc3 68. Kf4 Rd3 69. Ke4 Rg3 70. Kd4 Rh3 71. Ke4 Rg3 72. Kf4 Rd3 73. Rb6 Rc3 74. Ke4 Kd7 75. Kf5 Rg3 76. Kf6 Kc7 77. Rb5 Kd7 78. Kf7 Kc6 79. Rxa5 Rxb3 80. Kg6 Rb4 81. Kxh6 Rxc4 82. Kg6 Rg4+ 83. Kf5 Rh4 84. Kg5 Rh1 85. h6 d5 86. Ra6+ Kc5 87. Ra7 d4 88. Rd7 Kc4 89. h7 d3 90. Kg6 Kc3 91. a5 d2 92. a6 Rg1+ 93. Kf6 Rf1+ 94. Kg7 Rg1+ 95. Kf8 Rf1+ 96. Ke8 Re1+ 97. Kf7 Rh1 98. Kg7 Rg1+ 99. Kf6 Rf1+ 100. Kg5 Rg1+ 101. Kf4 Rf1+ 102. Kg3 Rf8 103. a7 Kc2 104. Rc7+ Kd3 105. Rd7+ Kc2 106. Kg4 d1=Q+ 107. Rxd1 Kxd1 108. Kg5 Ra8 109. Kg6 1/2-1/2

[Event "75th UKR-ch"]
[Site "Poltava UKR"]
[Date "2006.11.28"]
[Round "3.1"]
[White "Korobov, Anton"]
[WhiteElo "2543"]
[Black "Baklan, Volodymyr"]
[BlackElo "2622"]
[Result "1/2-1/2"]
[EventDate "2006.11.??"]
[PlyCount "79"]

1. d4 Nf6 2. c4 e6 3. Nc3 Bb4 4. e3 O-O 5. Bd3 c5 6. Nf3 d5 7. O-O Nc6 8. a3 Bxc3 9. bxc3 Qc7 10. h3 Ne7 11. Qe2 b6 12. cxd5 exd5 13. dxc5 Qxc5 14. a4 Re8 15. Ba3 Qc7 16. Nd4 a6 17. c4 Nc6 18. Bb2 Ne5 19. cxd5 Nxd3 20. Qxd3 Qd7 21. f3 Qxd5 22. e4 Qd6 23. Qd2 Nh5 24. Qg5 Qg6 25. Qxg6 hxg6 26. Rfc1 Nf4 27. Rc6 Rb8 28. Rd6 Rb7 29. Rd1 Ne6 30. Nc6 Kh7 31. Ba3 Rc7 32. Rb1 Rb7 33. Ne5 Nf4 34. Nc4 b5 35. Na5 Rc7 36. axb5 Rc2 37. Rb2 Rxb2 38. Bxb2 axb5 39. Rb6 Bd7 40. Rb7 1/2-1/2

[Event "75th UKR-ch"]
[Site "Poltava UKR"]
[Date "2006.11.29"]
[Round "3.2"]
[White "Baklan, Volodymyr"]
[WhiteElo "2622"]
[Black "Korobov, Anton"]
[BlackElo "2543"]
[Result "1/2-1/2"]
[EventDate "2006.11.??"]
[PlyCount "64"]

1. e4 e6 2. d4 d5 3. Nc3 Bb4 4. e5 c5 5. a3 Bxc3+ 6. bxc3 Ne7 7. Qg4 Qc7 8. Bd3 c4 9. Be2 O-O 10. h4 Nbc6 11. h5 f6 12. h6 g6 13. exf6 e5 14. Qg5 Nf5 15. Nf3 e4 16. Nh2 Nd8 17. Qf4 Qa5 18. Bd2 Bd7 19. Ng4 Ne6 20. Qh2 Ba4 21. Bd1 Rae8 22. Rb1 Bc6 23. Ne5 Rxf6 24. g4 Ne7 25. g5 Rff8 26. Ng4 e3 27. Nxe3 Nxg5 28. O-O Ne4 29. Be1 Nf5 30. Nxf5 Rxf5 31. Bg4 Rf7 32. f3 Nf6 1/2-1/2

[Event "75th UKR-ch"]
[Site "Poltava UKR"]
[Date "2006.11.29"]
[Round "3.3"]
[White "Korobov, Anton"]
[WhiteElo "2543"]
[Black "Baklan, Volodymyr"]
[BlackElo "2622"]
[Result "1-0"]
[EventDate "2006.11.??"]
[PlyCount "111"]

1. d4 Nf6 2. c4 e6 3. Nc3 Bb4 4. e3 O-O 5. Nf3 c5 6. Bd3 d5 7. O-O dxc4 8. Bxc4 Qe7 9. a3 Ba5 10. Qe2 Rd8 11. Rd1 Nc6 12. Na4 cxd4 13. exd4 Nd5 14. b4 Bc7 15. Bg5 f6 16. Bd2 Nb6 17. Nxb6 Bxb6 18. Bc3 Qf7 19. d5 exd5 20. Bxd5 Rxd5 21. Rxd5 Be6 22. Rd6 Bc4 23. Qd2 Ne7 24. Rd7 Be6 25. Rxb7 Rd8 26. Qe2 Re8 27. Re1 Bc4 28. Qxe7 Rxe7 29. Rexe7 Qf8 30. Rxg7+ Qxg7 31. Rxg7+ Kxg7 32. Bd4 Kf7 33. Bxb6 axb6 34. Nd2 Ba6 35. f3 Ke6 36. Kf2 Kd5 37. Ke3 Ke5 38. g4 Bb5 39. Nb1 Be8 40. Nc3 Bc6 41. a4 Bb7 42. h4 Bc6 43. a5 bxa5 44. bxa5 Bb7 45. Ne4 Ba8 46. a6 f5 47. f4+ Ke6 48. Ng5+ Kf6 49. Nxh7+ Kg7 50. Ng5 fxg4 51. Kf2 Kf6 52. Kg3 Kf5 53. h5 Bd5 54. h6 Kg6 55. h7 Kg7 56. a7 1-0

[Event "75th UKR-ch"]
[Site "Poltava UKR"]
[Date "2006.11.29"]
[Round "3.4"]
[White "Baklan, Volodymyr"]
[WhiteElo "2622"]
[Black "Korobov, Anton"]
[BlackElo "2543"]
[Result "0-1"]
[EventDate "2006.11.??"]
[PlyCount "84"]

1. e4 e6 2. d4 d5 3. Nc3 Bb4 4. e5 c5 5. a3 Bxc3+ 6. bxc3 Qc7 7. Qg4 Ne7 8. Bd3 c4 9. Be2 O-O 10. h4 Nbc6 11. Bg5 f5 12. exf6 e5 13. fxe7 Bxg4 14. exf8=Q+ Rxf8 15. Bxg4 exd4 16. Nf3 Re8+ 17. Kf1 dxc3 18. Rd1 d4 19. Nxd4 Nxd4 20. Rxd4 Qb6 21. Rd1 Qg6 22. Bf3 Qxc2 23. g3 b5 24. Kg2 a5 25. Rd7 h6 26. Bf4 b4 27. axb4 axb4 28. h5 b3 29. Bd5+ Kh8 30. Re1 Rf8 31. Rf7 Rd8 32. Ree7 Rxd5 33. Rf8+ Kh7 34. Ree8 Rxh5 35. Rh8+ Kg6 36. Re6+ Kf7 37. Rhe8 Rf5 38. R8e7+ Kg8 39. Rb7 Rxf4 40. gxf4 b2 41. Reb6 Qe4+ 42. Kg3 c2 0-1

[Event "75th UKR-ch"]
[Site "Poltava UKR"]
[Date "2006.12.01"]
[Round "4.2"]
[White "Korobov, Anton"]
[WhiteElo "2543"]
[Black "Drozdovskij, Yuri"]
[BlackElo "2561"]
[Result "1/2-1/2"]
[EventDate "2006.11.??"]
[PlyCount "155"]

1. d4 d5 2. c4 c6 3. Nc3 Nf6 4. Nf3 dxc4 5. a4 e6 6. e4 Bb4 7. e5 Nd5 8. Bd2 b5 9. Ng5 Be7 10. h4 h6 11. Nge4 b4 12. Ne2 Ba6 13. N2g3 c3 14. bxc3 bxc3 15. Nxc3 Nb4 16. Be3 c5 17. dxc5 Qxd1+ 18. Kxd1 Bxf1 19. Rxf1 N8c6 20. Rb1 Nd3 21. Nge4 Ndxe5 22. Nd6+ Bxd6 23. cxd6 O-O 24. Ke2 Rfd8 25. Nb5 a6 26. Nc7 Rab8 27. Bc5 Nd7 28. Ba3 a5 29. Rfd1 Nd4+ 30. Kd3 Nb3 31. Kc2 Nbc5 32. Rxb8 Rxb8 33. Rd4 Nb7 34. Rc4 Nb6 35. Rc3 Nd8 36. Rb3 Rb7 37. Bc5 Nxa4 38. Be3 Rb4 39. Rxb4 axb4 40. Kb3 Nc3 41. f3 f6 42. Kxb4 Ne2 43. g4 g5 44. h5 Kf7 45. Kb5 f5 46. Kb6 Nc3 47. Ka7 fxg4 48. fxg4 Ne4 49. Nb5 Ke8 50. Kb6 Kd7 51. Bd4 Nxd6 52. Bg7 N8f7 53. Nc3 Nc4+ 54. Kc5 Ne3 55. Kd4 Nxg4 56. Ne4 Ke7 57. Kd3 Nge5+ 58. Ke3 Nc4+ 59. Kf3 e5 60. Nf6 Ke6 61. Ng4 Kf5 62. Bxh6 Nd2+ 63. Kg3 Ne4+ 64. Kf3 Nf6 65. Ne3+ Ke6 66. Bf8 Nxh5 67. Ba3 Nf6 68. Nc4 g4+ 69. Kg2 Kf5 70. Ne3+ Kf4 71. Bc1 e4 72. Nc4+ Kf5 73. Ne3+ Ke6 74. Kg3 Ne5 75. Bb2 Nh5+ 76. Kh4 Nf6 77. Kg3 Nd5 78. Nxg4 1/2-1/2

[Event "75th UKR-ch"]
[Site "Poltava UKR"]
[Date "2006.12.01"]
[Round "4.2"]
[White "Kuzubov, Yuriy"]
[WhiteElo "2559"]
[Black "Yefymenko, Zakhar"]
[BlackElo "2612"]
[Result "1/2-1/2"]
[EventDate "2006.11.??"]
[PlyCount "111"]

1. c4 e5 2. Nc3 Nf6 3. Nf3 Nc6 4. d4 exd4 5. Nxd4 Bb4 6. Nxc6 bxc6 7. Qc2 O-O 8. e3 d5 9. Be2 Be6 10. cxd5 cxd5 11. O-O c5 12. Rd1 Qe7 13. Bf3 Rad8 14. Ne2 Bg4 15. Bxg4 Nxg4 16. Nf4 d4 17. e4 Rfe8 18. h3 Nf6 19. f3 Ba5 20. b3 Rc8 21. Bd2 Bc7 22. Nd3 Nh5 23. Re1 Bg3 24. Re2 Qd6 25. Be1 Nf4 26. Nxf4 Bxf4 27. Qd3 Re6 28. Bd2 Bg3 29. Rc1 Qa6 30. Rc4 h5 31. Be1 Bd6 32. g3 Qb7 33. Bf2 Rce8 34. Rcc2 Rg6 35. e5 Rxe5 36. Rxe5 Bxe5 37. Rxc5 Bxg3 38. Bxg3 Rxg3+ 39. Kf2 Rg6 40. Qxd4 Qb8 41. Re5 Rc6 42. Qe4 Rc8 43. Kg2 g6 44. h4 Rd8 45. Kg3 Kg7 46. Qf4 Qb6 47. Re1 Rd5 48. Qe3 Qd6+ 49. Kg2 Rd3 50. Qe4 Rd4 51. Qe5+ Qxe5 52. Rxe5 Rd2+ 53. Kg3 Rxa2 54. Re7 a5 55. Rb7 a4 56. bxa4 1/2-1/2

[Event "75th UKR-ch"]
[Site "Poltava UKR"]
[Date "2006.12.02"]
[Round "5.1"]
[White "Yefymenko, Zakhar"]
[WhiteElo "2612"]
[Black "Drozdovskij, Yuri"]
[BlackElo "2561"]
[Result "1/2-1/2"]
[EventDate "2006.11.??"]
[PlyCount "132"]

1. e4 e6 2. d4 d5 3. Nc3 dxe4 4. Nxe4 Nd7 5. Nf3 Ngf6 6. Bg5 h6 7. Nxf6+ Nxf6 8. Bh4 c5 9. Ne5 Qa5+ 10. c3 cxd4 11. Qxd4 Bc5 12. Qf4 Bd6 13. Bg3 O-O 14. Be2 Nd7 15. Nc4 Bxf4 16. Nxa5 Bxg3 17. hxg3 Nc5 18. Rh4 e5 19. Nb3 Nd7 20. O-O-O Nf6 21. Nc5 b6 22. Bf3 Rb8 23. Ne4 Nxe4 24. Rxe4 f6 25. Ra4 a5 26. Rd6 Ba6 27. Bd5+ Kh8 28. Bc4 Bc8 29. Ra3 b5 30. Bd5 a4 31. c4 Bf5 32. Rc3 Rfd8 33. Rxd8+ Rxd8 34. a3 bxc4 35. Bxc4 Rd4 36. b4 axb3 37. Bxb3 Bd7 38. Rc4 Rd6 39. Rb4 Kh7 40. Bc4 Be6 41. Bxe6 Rxe6 42. a4 Ra6 43. Kc2 Kg6 44. Kb3 Kf5 45. Rb7 g5 46. Kb4 Rd6 47. a5 Rd2 48. a6 Ra2 49. a7 h5 50. Kc5 Ke4 51. Kb6 Kd3 52. Rf7 Ke2 53. Rxf6 Kf1 54. Rf5 Rb2+ 55. Kc5 Ra2 56. Kb6 Rb2+ 57. Kc7 Ra2 58. Kb7 Rb2+ 59. Ka8 g4 60. Rxe5 Kxf2 61. Rxh5 Kxg2 62. Rh7 Kxg3 63. Rb7 Ra2 64. Kb8 Kf3 65. a8=Q Rxa8+ 66. Kxa8 g3 1/2-1/2

[Event "75th UKR-ch"]
[Site "Poltava UKR"]
[Date "2006.12.02"]
[Round "5.1"]
[White "Korobov, Anton"]
[WhiteElo "2543"]
[Black "Kuzubov, Yuriy"]
[BlackElo "2559"]
[Result "1/2-1/2"]
[EventDate "2006.11.??"]
[PlyCount "93"]

1. d4 d5 2. c4 c6 3. Nc3 Nf6 4. Nf3 dxc4 5. a4 Bf5 6. Ne5 Nbd7 7. Nxc4 Qc7 8. Qd2 Nd5 9. Qg5 e6 10. e4 Nxc3 11. exf5 Ne4 12. Qe3 Bb4+ 13. Kd1 Ndf6 14. f3 Nd6 15. Qb3 Nd5 16. fxe6 fxe6 17. Bd3 O-O 18. Ne3 Qb6 19. Nxd5 exd5 20. Bd2 a5 21. Bc3 Qd8 22. Bxb4 axb4 23. Qxb4 Rf4 24. g3 Rxf3 25. Kc2 Rf2+ 26. Kb3 b5 27. axb5 Rb8 28. Qe1 Ne4 29. Bxe4 Rxb5+ 30. Kc3 Rfxb2 31. Bc2 Qf8 32. Qe6+ Kh8 33. Qf5 Qb4+ 34. Kd3 Rb8 35. Ke3 Qe7+ 36. Kf3 g6 37. Rhe1 Qf8 38. Qxf8+ Rxf8+ 39. Kg4 Rxc2 40. h4 Rd2 41. Re7 Rxd4+ 42. Kh3 Re4 43. Rd7 g5 44. hxg5 Rg8 45. Raa7 Rxg5 46. Rxh7+ Kg8 47. Rhc7 1/2-1/2